[Event "It (open)"]
[Site "masterchessopen.com – Slovenske Konjice (Slovenia)"]
[Date "2007.04.22"]
[Round "8"]
[White "Krumpacnik Domen (SLO)"]
[Black "Spelec Darko (SLO)"]
[Result "1-0"]
[WhiteElo "2413"]
[BlackElo "2019"]

1.d4 Nf6 2.c4 g6 3.Nc3 Bg7 4.e4 d6 5.f3 O-O 6.Be3 Nc6 7.Nge2 a6 8.Qd2 Rb8
9.Rc1 Bd7 10.b3 e5 11.d5 Ne7 12.Ng3 Ne8 13.Be2 f5 14.exf5 gxf5 15.f4 Ng6
16.Nh5 Bh6 17.O-O Ng7 18.fxe5 Bxe3+ 19.Qxe3 dxe5 20.Qh6 Nxh5 21.Qxh5 Nf4
22.Qf3 Kh8 23.Qe3 Qf6 24.Bf3 Rg8 25.Kh1 Rg5 26.g3 Ng6 27.Be2 Rg8 28.Ne4 {#r}
1-0

[Event "It (open) \"]
[Site "masterchessopen.com – St. Petersburg (Russia)"]
[Date "2007.06.25"]
[Round "1"]
[White "Sarkisian Vitaly (RUS)"]
[Black "Smirnov Artem (RUS)"]
[Result "0-1"]
[WhiteElo "2179"]
[BlackElo "2419"]

1.d4 Nf6 2.c4 g6 3.Nc3 Bg7 4.e4 d6 5.f3 O-O 6.Be3 Nc6 7.Qd2 a6 8.Nge2 Rb8 9.g4
b5 10.Ng3 e5 11.d5 Nd4 12.Bxd4 exd4 13.Nce2 d3 14.Qxd3 bxc4 15.Qd2 c6 16.Nd4
cxd5 17.Nc6 Qb6 18.Nxb8 dxe4 19.fxe4 Bxg4 20.Bxc4 Rxb8 21.Rf1 d5 22.exd5 Re8+
23.Ne2 Bxe2 24.Bxe2 Ne4 25.Qc2 Qb4+ 26.Kd1 Bxb2 27.Bd3 Nc3+ 28.Kd2 Nxd5+ {#R}
0-1

[Event "Ch Scotland"]
[Site "masterchessopen.com – Cumbernauld (Scotland)"]
[Date "2007.07.11"]
[Round "5"]
[White "Muir Andrew J (SCO)"]
[Black "Hilton Stephen (SCO)"]
[Result "1-0"]
[WhiteElo "2367"]
[BlackElo "1967"]

1.d4 Nf6 2.c4 g6 3.Nc3 Bg7 4.e4 d6 5.f3 O-O 6.Be3 Nc6 7.Qd2 a6 8.Nge2 Rb8
9.Rb1 b5 10.cxb5 axb5 11.b4 Bd7 12.d5 Ne5 13.Nd4 Nc4 14.Bxc4 bxc4 15.b5 e5
16.Nc6 Bxc6 17.dxc6 Nh5 18.O-O Nf4 19.Nd5 Ne6 20.b6 f5 21.bxc7 Nxc7 22.Bb6 Rf7
23.Bxc7 Rxc7 24.Nxc7 Qxc7 25.Qd5+ {#r} 1-0

[Event "Memorial Lichtenstein (cat.8)"]
[Site "masterchessopen.com – Elkana (Israel)"]
[Date "2007.07.25"]
[Round "8"]
[White "Bykhovsky Avigdor (RUS)"]
[Black "Caspi Israel (ISR)"]
[Result "1-0"]
[WhiteElo "2435"]
[BlackElo "2318"]

1.d4 Nf6 2.c4 g6 3.Nc3 Bg7 4.e4 d6 5.f3 O-O 6.Be3 Nc6 7.Nge2 a6 8.Qd2 Rb8
9.Rc1 Bd7 10.Nd1 Ne8 11.g3 Qc8 12.Nf2 f5 13.exf5 Rxf5 14.f4 e5 15.Bg2 exd4
16.Nxd4 Nxd4 17.Bxd4 Bxd4 18.Qxd4 c5 19.Qd2 Bc6 20.Bxc6 Qxc6 21.O-O h5 22.Rfe1
Ng7 23.Ne4 Rd8 24.Nc3 Qd7 25.Nd5 Ne6 26.Qd3 Kf8 27.Re4 Nd4 28.Rce1 Nc6 29.Qc3
Nd4 30.b3 Qg7 31.Qe3 Rxd5 32.Re8+ {#r} 1-0

[Event "Ch Asia (juniors) (under 14)"]
[Site "masterchessopen.com – Al Ain (United Arab Emirates)"]
[Date "2007.08.24"]
[Round "2"]
[White "Saleh Salem"]
[Black "Dalir Alireza (IRI)"]
[Result "1-0"]
[WhiteElo "2218"]
[BlackElo "2122"]

1.d4 Nf6 2.c4 g6 3.Nc3 Bg7 4.e4 d6 5.f3 O-O 6.Be3 Nc6 7.Nge2 a6 8.Qd2 Rb8
9.Rc1 b5 10.cxb5 Na5 11.Nd1 Rxb5 12.Ng3 c6 13.b4 Nb7 14.Bxb5 cxb5 15.d5 e5
16.O-O Bd7 17.Bh6 Bxh6 18.Qxh6 a5 19.a3 Qa8 20.Qg5 Kg7 21.Ne3 Qd8 22.f4 Qb6
23.fxe5 Ng4 24.Nh5+ Kh8 25.Nf6 {#r} 1-0

[Event "Ch Asia (juniors) (under 12)"]
[Site "masterchessopen.com – Al Ain (United Arab Emirates)"]
[Date "2007.08.25"]
[Round "3"]
[White "Vakhidov Jahongir (UZB)"]
[Black "Sai Krishna G V (IND)"]
[Result "1-0"]
[WhiteElo "2392"]
[BlackElo "2167"]

1.d4 Nf6 2.c4 g6 3.Nc3 Bg7 4.e4 d6 5.f3 O-O 6.Be3 Nc6 7.Qd2 a6 8.Nge2 Rb8 9.h4
h5 10.O-O-O b5 11.Bh6 bxc4 12.Bxg7 Kxg7 13.g4 Nxg4 14.fxg4 Bxg4 15.a3 Na5
16.Kb1 c5 17.Bh3 Nb3 18.Qe3 Bxh3 19.Rxh3 Qa5 20.Nd5 e6 21.Ndf4 cxd4 22.Nxd4 c3
23.Nc6 Nd2+ 24.Qxd2 Qa4 25.Rxc3 Qxe4+ 26.Qd3 Qxf4 27.Nxb8 Rxb8 28.Qd4+ Qxd4
29.Rxd4 d5 30.Rc6 Kf6 31.Rxd5 Rb3 32.Rxa6 Rh3 33.Rd4 {#r} 1-0

[Event "It (open) \"]
[Site "masterchessopen.com – Nuernberg (Germany)"]
[Date "2007.09.09"]
[Round "7"]
[White "Reich Thomas (GER)"]
[Black "Gofshtein Zvulon (ISR)"]
[Result "0-1"]
[WhiteElo "2427"]
[BlackElo "2541"]

1.d4 Nf6 2.c4 g6 3.Nc3 Bg7 4.e4 d6 5.f3 Nc6 6.Nge2 Rb8 7.Be3 a6 8.Qd2 O-O
9.Nc1 Ne8 10.Nb3 f5 11.exf5 Bxf5 12.d5 Ne5 13.f4 Ng4 14.Ba7 Ra8 15.Bd4 Ngf6
16.Be2 c5 17.dxc6 bxc6 18.O-O Bd7 19.c5 d5 20.Na4 Ne4 21.Qe3 Ra7 22.Rac1 N8f6
23.Nb6 h5 24.Na5 Kh7 25.b4 Rg8 26.Nxd7 Qxd7 {#R} 0-1

[Event "Ch City"]
[Site "masterchessopen.com – Irkutsk (Russia)"]
[Date "2007.09.19"]
[Round "2"]
[White "Burdyko Alexander (RUS)"]
[Black "Okunev Lev (RUS)"]
[Result "0-1"]
[WhiteElo "2043"]
[BlackElo "2225"]

1.d4 Nf6 2.c4 g6 3.f3 Bg7 4.e4 d6 5.Nc3 O-O 6.Be3 Nc6 7.Qd2 a6 8.Nge2 Rb8 9.g4
b5 10.Ng3 e5 11.d5 Nd4 12.Bxd4 exd4 13.Nce2 d3 14.Qxd3 bxc4 15.Qc2 Nxg4
16.fxg4 Rxb2 17.Qxc4 Bxg4 18.Rd1 Bf3 19.Rg1 Qh4 20.Qd3 Bxe2 21.Bxe2 Qxh2
22.Rh1 Rxe2+ 23.Qxe2 Qxg3+ 24.Qf2 Qc3+ 25.Qd2 Qf3 26.Rf1 Qxe4+ 27.Kf2 Rb8
28.Rde1 Bd4+ 29.Kg3 Qxd5 30.Rf4 Qg5+ 31.Kf3 Be5 {#R} 0-1

[Event "Ch St. Petersburg (juniors) (under 18)"]
[Site "masterchessopen.com – St. Petersburg (Russia)"]
[Date "2007.10.10"]
[Round "6"]
[White "Duzhakov Ilya (RUS)"]
[Black "Smirnov Artem (RUS)"]
[Result "1-0"]
[WhiteElo "2118"]
[BlackElo "2419"]

1.d4 Nf6 2.c4 g6 3.Nc3 Bg7 4.e4 d6 5.f3 O-O 6.Be3 Nc6 7.Nge2 a6 8.Qd2 Rb8
9.Nc1 e5 10.Nb3 Nh5 11.d5 Ne7 12.g4 Nf4 13.Ne2 Nxe2 14.Bxe2 f5 15.gxf5 gxf5
16.O-O-O f4 17.Ba7 Ra8 18.Bf2 Qe8 19.h4 b5 20.c5 dxc5 21.Nxc5 Bd7 22.h5 Nc8
23.Qa5 c6 24.h6 Bf6 25.d6 Bd8 26.Qc3 Nb6 27.Nxd7 Nxd7 28.Qxc6 Ba5 29.Kb1 Kh8
30.Rhg1 Rf7 31.Bf1 Qc8 32.Qd5 Qf8 33.Bh3 {#r} 1-0

[Event "Ch World (juniors) (under 16)"]
[Site "masterchessopen.com – Kemer (Turkey)"]
[Date "2007.11.19"]
[Round "2"]
[White "Benidze Davit (GEO)"]
[Black "Kuchynka Lukas (CZE)"]
[Result "1-0"]
[WhiteElo "2365"]
[BlackElo "2188"]

1.d4 Nf6 2.c4 g6 3.Nc3 Bg7 4.e4 d6 5.f3 O-O 6.Be3 Nc6 7.Qd2 a6 8.Nge2 Rb8
9.Rc1 e5 10.d5 Nd4 11.b3 {#r} 1-0

[Event "Cup Governor's"]
[Site "masterchessopen.com – Khanty Mansyisk (Russia)"]
[Date "2007.11.25"]
[Round "5"]
[White "Tarakanov Valentin (RUS)"]
[Black "Kotlyar Kirill (RUS)"]
[Result "0-1"]
[WhiteElo "2181"]
[BlackElo "2039"]

1.c4 g6 2.Nc3 Bg7 3.d4 Nf6 4.e4 O-O 5.f3 d6 6.Be3 Nc6 7.Qd2 a6 8.Nge2 Rb8 9.a4
e5 10.d5 Ne7 11.g4 h5 12.h3 c6 13.Ng3 h4 14.Nf5 gxf5 15.gxf5 Ne8 16.Rg1 f6
17.Ba7 Ra8 18.Bf2 Qa5 19.Ra3 cxd5 20.cxd5 Qb4 21.Bxh4 Bxf5 22.exf5 Qxh4+ {#R}
0-1

[Event "Memorial Crespi (open) (b)"]
[Site "masterchessopen.com – Milan (Italy)"]
[Date "2007.12.07"]
[Round "3"]
[White "Costanza Calogero (ITA)"]
[Black "Coladangelo Andrea (ITA)"]
[Result "0-1"]
[WhiteElo "1710"]
[BlackElo "1809"]

1.d4 Nf6 2.c4 g6 3.Nc3 Bg7 4.e4 d6 5.f3 O-O 6.Be3 Nc6 7.Nge2 a6 8.Qd2 Rb8
9.Bh6 b5 10.Bxg7 Kxg7 11.Nf4 bxc4 12.Bxc4 e5 13.dxe5 dxe5 14.Qxd8 Rxd8 15.Nfd5
Rxb2 16.O-O Nxd5 17.Nxd5 Be6 18.Rac1 Nd4 19.Bxa6 c6 20.Nc7 Rxa2 21.Nxe6+ Nxe6
22.Rxc6 Rdd2 23.Rb1 Rxg2+ 24.Kh1 Rxh2+ 25.Kg1 Nd4 26.Rcb6 Nxf3+ {#R} 0-1

[Event "It (open)"]
[Site "masterchessopen.com – Pavlodar (Kazakhstan)"]
[Date "2007.12.16"]
[Round "1"]
[White "Bazilov A (KAZ)"]
[Black "Lunev Roman (KAZ)"]
[Result "1-0"]
[WhiteElo "2248"]
[BlackElo "2165"]

1.d4 Nf6 2.c4 g6 3.Nc3 Bg7 4.e4 d6 5.f3 O-O 6.Be3 Nc6 7.Nge2 a6 8.Qd2 Rb8
9.Bh6 b5 10.cxb5 axb5 11.h4 e5 12.h5 Nxh5 13.g4 Nf6 14.Bxg7 Kxg7 15.Qh6+ Kg8
16.Nd5 Re8 17.g5 Nxd5 18.exd5 Nxd4 19.Qxh7+ Kf8 20.Qh8+ Ke7 21.Qf6+ Kd7
22.Bh3+ Nf5 23.Qxf7+ Qe7 24.Qxg6 Kd8 25.Bxf5 {#r} 1-0

[Event "Ch Lithuania (1/2 final)"]
[Site "masterchessopen.com – Vilnius (Lithuania)"]
[Date "2008.02.17"]
[Round "4"]
[White "Struckas Arunas (LTU)"]
[Black "Mordas Vytautas (LTU)"]
[Result "0-1"]
[WhiteElo "1964"]
[BlackElo "2082"]

1.d4 Nf6 2.c4 g6 3.Nc3 Bg7 4.e4 O-O 5.f3 d6 6.Be3 Nc6 7.Qd2 a6 8.Nge2 Rb8
9.Nc1 e5 10.d5 Nd4 11.N1e2 c5 12.dxc6 Nxc6 13.O-O-O Be6 14.Ng3 Nd4 15.Nge2
Bxc4 16.Nxd4 exd4 17.Bxd4 Rc8 18.Bxc4 Rxc4 19.Kb1 Nxe4 20.Nxe4 Rxd4 21.Qc3 Qb6
22.Rxd4 Bxd4 23.Qd2 d5 24.Ng3 Bf6 25.Rd1 Kg7 26.Nf1 Re8 27.g4 Kg8 28.h4 Qb5
29.b3 Re2 {#R} 0-1

[Event "Ch City"]
[Site "masterchessopen.com – Kolomna (Russia)"]
[Date "2008.02.20"]
[Round "13"]
[White "Kovpak Igor (RUS)"]
[Black "Voinov Sergey (RUS)"]
[Result "0-1"]
[WhiteElo "2063"]
[BlackElo "2387"]

1.d4 g6 2.c4 Bg7 3.Nc3 Nf6 4.e4 d6 5.f3 O-O 6.Be3 Nc6 7.Qd2 a6 8.Nge2 Rb8
9.Bh6 e5 10.d5 Na5 11.Bxg7 Kxg7 12.Nc1 c5 13.a3 b5 14.cxb5 c4 15.b4 cxb3
16.Rb1 Nd7 17.Nxb3 Nxb3 18.Rxb3 Nc5 19.Rb2 Qa5 20.Nb1 Qb6 21.Qb4 Bd7 22.a4
Rfc8 23.Kd1 axb5 24.axb5 Ra8 25.Nc3 f5 26.Bc4 Ra1+ 27.Rb1 Na6 28.Qb3 Qd4+
29.Ke2 Rxb1 30.Rxb1 Rxc4 31.bxa6 Rxc3 32.Qb7 Rc2+ {#R} 0-1

[Event "Ch Ukraine (1/2 final) (w)"]
[Site "masterchessopen.com – Evpatoria (Ukraine)"]
[Date "2008.05.29"]
[Round "8"]
[White "Goroshkova Liudmila (UKR)"]
[Black "Kostiukova Liubov (UKR)"]
[Result "0-1"]
[WhiteElo "2002"]
[BlackElo "2232"]

1.d4 Nf6 2.c4 g6 3.Nc3 Bg7 4.e4 d6 5.f3 O-O 6.Be3 Nc6 7.Nge2 a6 8.Qd2 Rb8 9.g3
b5 10.cxb5 axb5 11.a3 b4 12.axb4 Nxb4 13.Bg2 c5 14.O-O Nd7 15.Na4 cxd4 16.Nxd4
Nc5 17.Ra3 Bd7 18.Nxc5 dxc5 19.Nb3 Bb5 20.Rb1 Qd3 21.Qc1 Nc2 22.Nxc5 Qe2
23.Bf2 Nxa3 24.bxa3 Rfd8 25.Bf1 Qxf3 26.Qe3 Qxe3 27.Bxe3 Bxf1 28.Rxf1 Bd4
29.Re1 Bxe3+ 30.Rxe3 Rb2 {#R} 0-1

[Event "Memorial R.Nezhmetdinov (open)"]
[Site "masterchessopen.com – Kazan (Russia)"]
[Date "2008.06.01"]
[Round "1"]
[White "Iljin Artem (RUS)"]
[Black "Kamiljanov Timerbay (RUS)"]
[Result "1-0"]
[WhiteElo "2572"]
[BlackElo "2175"]

1.d4 Nf6 2.c4 g6 3.Nc3 Bg7 4.e4 d6 5.f3 O-O 6.Nge2 Nc6 7.Be3 a6 8.Qd2 Rb8
9.Rc1 Re8 10.g3 e5 11.d5 Nd4 12.Nxd4 exd4 13.Bxd4 c5 14.dxc6 bxc6 15.Bg2 d5
16.cxd5 cxd5 17.e5 Nd7 18.f4 Nb6 19.b3 f6 20.O-O fxe5 21.fxe5 Bxe5 22.Bxe5
Rxe5 23.Qd4 Qd6 24.Rce1 Rxe1 25.Rxe1 Bf5 26.Nxd5 Rd8 27.Re7 {#r} 1-0

[Event "Ch City"]
[Site "masterchessopen.com – Toljatti (Russia)"]
[Date "2008.06.03"]
[Round "6"]
[White "Molchanov Alexander (RUS)"]
[Black "Bondar Vladimir A (RUS)"]
[Result "1-0"]
[WhiteElo "2187"]
[BlackElo "2205"]

1.d4 Nf6 2.c4 g6 3.Nc3 Bg7 4.e4 O-O 5.Be3 d6 6.f3 Nc6 7.Nge2 a6 8.Qd2 Rb8
9.Rb1 e5 10.d5 Na5 11.Nc1 c5 12.Be2 Bd7 13.b4 cxb4 14.Rxb4 b5 15.cxb5 axb5
16.Nxb5 Bxb5 17.Rxb5 Rxb5 18.Bxb5 Nh5 19.O-O f5 20.Ne2 f4 21.Bf2 Bf6 22.Rc1
Nb7 23.Bc6 Nc5 24.Bxc5 dxc5 25.d6 {#r} 1-0

[Event "Ch Russia (w)"]
[Site "masterchessopen.com – Cheliabinsk (Russia)"]
[Date "2008.06.11"]
[Round "8"]
[White "Gromova Iulia (RUS)"]
[Black "Akatova Ekaterina (RUS)"]
[Result "0-1"]
[WhiteElo "2185"]
[BlackElo "2261"]

1.d4 Nf6 2.c4 g6 3.Nc3 Bg7 4.e4 d6 5.f3 O-O 6.Be3 a6 7.Qd2 Nc6 8.Nge2 Rb8
9.Rc1 Bd7 10.Nd1 b5 11.c5 e6 12.g3 b4 13.Bg2 Ne7 14.O-O Bb5 15.Nf2 Nd7 16.f4
dxc5 17.dxc5 Ne5 18.fxe5 Qxd2 19.Bxd2 Bxe2 20.Rfe1 Bb5 21.Ng4 Nc6 22.Nf6+ Kh8
23.Bf4 g5 24.Bxg5 Nxe5 25.Nh5 Nd3 26.Nxg7 Kxg7 27.e5 Nxc1 28.Bf6+ Kg8 29.Rxc1
Rfd8 30.Bxd8 Rxd8 {#R} 0-1

[Event "It (open) \"]
[Site "masterchessopen.com – Rowy (Poland)"]
[Date "2008.06.17"]
[Round "4"]
[White "Sklepinski Artur (POL)"]
[Black "Stypka Zbigniew (POL)"]
[Result "0-1"]
[WhiteElo "1877"]
[BlackElo "1971"]

1.d4 Nf6 2.c4 g6 3.Nc3 Bg7 4.e4 d6 5.f3 O-O 6.Be3 Nc6 7.Nge2 Rb8 8.Qd2 a6
9.Nc1 e5 10.d5 Nd4 11.N1e2 c5 12.dxc6 bxc6 13.Nxd4 exd4 14.Bxd4 d5 15.cxd5
cxd5 16.Nxd5 Nxd5 17.Bxg7 Kxg7 18.exd5 Qh4+ 19.g3 Qf6 20.O-O-O Bf5 21.Bxa6 Ra8
{#R} 0-1

[Event "It \"]
[Site "masterchessopen.com – Los Angeles (USA)"]
[Date "2008.07.05"]
[Round "4"]
[White "Yee Michael Anthony (USA)"]
[Black "Matikozian Andranik (ARM)"]
[Result "1-0"]
[WhiteElo "2069"]
[BlackElo "2462"]

1.d4 Nf6 2.c4 g6 3.Nc3 Bg7 4.e4 d6 5.f3 O-O 6.Be3 Nc6 7.Nge2 a6 8.Qd2 Rb8
9.O-O-O b5 10.h4 Na5 11.Nf4 Nxc4 12.Bxc4 bxc4 13.h5 c6 14.g4 Qa5 15.g5 Nd7
16.Qh2 Re8 17.hxg6 hxg6 18.Qh7+ Kf8 19.Rh6 e5 20.Nxg6+ fxg6 21.Rxg6 Re7 22.f4
Rf7 23.f5 exd4 24.f6 Qb4 25.Rd2 dxc3 26.Rxg7 cxd2+ 27.Kd1 Nxf6 28.Qh8+ Ke7
29.gxf6+ Kxf6 30.Bg5+ Ke5 31.Rxf7+ Kxe4 32.Rf4+ Kd5 33.Qd4+ {#r} 1-0

[Event "It (open)"]
[Site "masterchessopen.com – Leiden (Netherlands)"]
[Date "2008.07.11"]
[Round "1"]
[White "Kubbenga Michael (NED)"]
[Black "Giri Anish (NED)"]
[Result "0-1"]
[WhiteElo "2035"]
[BlackElo "2466"]

1.d4 Nf6 2.c4 g6 3.Nc3 Bg7 4.e4 d6 5.f3 O-O 6.Be3 Nc6 7.Nge2 a6 8.Qd2 Rb8 9.g4
b5 10.Ng3 e5 11.Nce2 exd4 12.Bxd4 Nxd4 13.Nxd4 Bd7 14.cxb5 axb5 15.Be2 c5
16.Nc2 Bc6 17.O-O-O Ra8 18.Qxd6 Qa5 19.Qxc5 Qxa2 20.Rd3 Nd7 21.Qb4 Bh6+ 22.Ne3
Rfc8 23.Kd2 Ne5 24.Ra3 Rxa3 25.Qxa3 Rd8+ {#R} 0-1

[Event "It (open) (b)"]
[Site "masterchessopen.com – Poznan (Poland)"]
[Date "2008.07.21"]
[Round "3"]
[White "Polarczyk Pawel (POL)"]
[Black "Stypka Zbigniew (POL)"]
[Result "0-1"]
[WhiteElo "1778"]
[BlackElo "1971"]

1.d4 Nf6 2.c4 g6 3.Nc3 Bg7 4.e4 d6 5.f3 O-O 6.Be3 Nc6 7.Nge2 Rb8 8.Qd2 a6 9.g4
b5 10.Ng3 e5 11.cxb5 exd4 12.bxc6 dxe3 13.Qxe3 Rxb2 14.Rb1 Nxg4 15.fxg4 Bxc3+
16.Qxc3 Rxb1+ 17.Kf2 Qe7 18.h3 Qe5 19.Qxe5 dxe5 20.Bc4 Rxh1 21.Nxh1 Rd8 22.Bd5
Rd6 23.Ke3 Be6 24.Ng3 Kf8 25.g5 Ke7 26.h4 Bxd5 27.exd5 Rxd5 28.Ne4 Ra5 29.Nf6
Rxa2 30.Ke4 Re2+ 31.Kd5 e4 32.Ke5 e3 {#R} 0-1

[Event "It (open)"]
[Site "masterchessopen.com – Kavala (Greece)"]
[Date "2008.08.02"]
[Round "4"]
[White "Svetushkin Dmitry (MDA)"]
[Black "Arsovic Goran (SRB)"]
[Result "1-0"]
[WhiteElo "2588"]
[BlackElo "2432"]

1.d4 Nf6 2.c4 g6 3.Nc3 Bg7 4.e4 d6 5.f3 O-O 6.Nge2 a6 7.Be3 Nc6 8.Qd2 Rb8 9.d5
Ne5 10.Nd4 c5 11.Nc2 Nh5 12.a4 f5 13.Be2 f4 14.Bf2 Bd7 15.a5 b6 16.axb6 Rxb6
17.Nd1 Qb8 18.Ra2 Bc8 19.b4 cxb4 20.Bxb6 b3 21.Rb2 Nxc4 22.Bxc4 Bxb2 23.Nxb2
bxc2 24.Bd4 Bd7 25.Qxc2 Rc8 26.O-O Qb4 27.Qc3 {#r} 1-0

[Event "It (open)"]
[Site "masterchessopen.com – Vlissingen (Netherlands)"]
[Date "2008.08.02"]
[Round "1"]
[White "Welten Hans (NED)"]
[Black "Di Berardino Diego Rafael (BRA)"]
[Result "0-1"]
[WhiteElo "1889"]
[BlackElo "2503"]

1.d4 Nf6 2.c4 g6 3.Nc3 Bg7 4.e4 d6 5.f3 O-O 6.Be3 Nc6 7.Qd2 a6 8.Nge2 Rb8
9.Nc1 e5 10.d5 Nd4 11.N1e2 Nxe2 12.Bxe2 Nh5 13.g4 Nf4 14.Bxf4 exf4 15.Qxf4 c5
16.h4 b5 17.Qd2 bxc4 18.Bxc4 f5 19.gxf5 gxf5 20.h5 fxe4 21.h6 Be5 22.Qg2+ Kh8
23.fxe4 Rg8 24.Qd2 Bg4 25.Be2 Qf6 26.Rf1 Bg3+ 27.Kd1 Qxf1+ {#R} 0-1

[Event "It (open)"]
[Site "masterchessopen.com – Friedrichroda (Germany)"]
[Date "2008.08.08"]
[Round "4"]
[White "Hansch Torsten (GER)"]
[Black "Hillgaertner Walter (GER)"]
[Result "1-0"]
[WhiteElo "2222"]
[BlackElo "1970"]

1.d4 Nf6 2.c4 g6 3.Nc3 Bg7 4.e4 d6 5.f3 O-O 6.Be3 Nc6 7.Qd2 a6 8.Nge2 Rb8
9.Nc1 Bd7 10.Nb3 e5 11.d5 Ne7 12.O-O-O Ne8 13.g4 c5 14.dxc6 bxc6 15.h4 a5
16.h5 Be6 17.Bh6 f6 18.hxg6 hxg6 19.Nc5 Qc8 20.Bxg7 Kxg7 21.Qh6+ Kf7 22.Qh7+
Ng7 23.Rxd6 Rh8 24.Qxh8 Qxh8 25.Rxh8 Rxh8 26.Kc2 f5 27.gxf5 gxf5 28.Nb7 Ra8
29.Nd8+ Kf6 30.Nxc6 Ra6 31.Nd5+ {#r} 1-0

[Event "Ch France (open) (a)"]
[Site "masterchessopen.com – Pau (France)"]
[Date "2008.08.16"]
[Round "5"]
[White "Eid Maha (FRA)"]
[Black "Carrasco Patrick (FRA)"]
[Result "0-1"]
[WhiteElo "1932"]
[BlackElo "2081"]

1.d4 Nf6 2.c4 g6 3.Nc3 Bg7 4.e4 d6 5.f3 O-O 6.Be3 Nc6 7.Nge2 a6 8.Qd2 Rb8
9.Nc1 e5 10.Nb3 Bd7 11.d5 Ne7 12.O-O-O b5 13.Kb1 bxc4 14.Bxc4 Rb4 15.Be2 a5
16.Nc1 Qa8 17.g4 Rfb8 18.Nd3 R4b7 19.h4 h5 20.g5 Ne8 21.Rdf1 c6 22.f4 cxd5
23.fxe5 dxe4 24.Nxe4 Rxb2+ 25.Nxb2 Qxe4+ 26.Bd3 Qxe5 27.Rf2 Rxb2+ 28.Qxb2 Qxe3
29.Qd2 Qb6+ 30.Kc1 Qc6+ 31.Qc2 Qxh1+ 32.Rf1 Qxh4 {#R} 0-1

[Event "Ch Tatarstan (open)"]
[Site "masterchessopen.com – Kazan (Russia)"]
[Date "2008.08.27"]
[Round "7"]
[White "Akhmadeev Vadim (RUS)"]
[Black "Samusenko Aleksandr V (RUS)"]
[Result "1-0"]
[WhiteElo "2424"]
[BlackElo "2325"]

1.d4 Nf6 2.c4 d6 3.Nc3 g6 4.e4 Bg7 5.f3 O-O 6.Be3 Nc6 7.Qd2 a6 8.Nge2 Rb8 9.h4
h5 10.Nc1 e5 11.d5 Nd4 12.Nb3 c5 13.dxc6 bxc6 14.Nxd4 exd4 15.Bxd4 Re8 16.Be2
d5 17.e5 Nd7 18.e6 Rxe6 19.Bxg7 Kxg7 20.O-O-O Nf6 21.g4 Rd6 22.g5 Ne8 23.Qd4+
Kg8 24.Rhe1 Be6 25.Qc5 Rd7 26.Bd3 Nd6 27.Bxg6 Nxc4 28.b3 d4 29.Rxe6 dxc3
30.Bxf7+ Kg7 31.Rg6+ Kh7 32.Rh6+ Kg7 33.Rh7+ {#r} 1-0

[Event "It (open) \"]
[Site "masterchessopen.com – Nuernberg (Germany)"]
[Date "2008.09.07"]
[Round "7"]
[White "Kopylova Luba (GER)"]
[Black "Guthmann Peter (GER)"]
[Result "1-0"]
[WhiteElo "2202"]
[BlackElo "2036"]

1.d4 Nf6 2.c4 g6 3.Nc3 Bg7 4.e4 d6 5.f3 Nc6 6.Be3 a6 7.Qd2 Rb8 8.Nge2 O-O 9.g4
Nd7 10.h4 e5 11.d5 Nd4 12.Nxd4 exd4 13.Bxd4 Ne5 14.Be2 b5 15.cxb5 axb5 16.h5
Bf6 17.Be3 b4 18.Nd1 c6 19.dxc6 Nxc6 20.hxg6 fxg6 21.Bc4+ Kh8 22.g5 Ne5
23.Rxh7+ {#r} 1-0

[Event "Ch Europe (juniors) (under 18)"]
[Site "masterchessopen.com – Herceg Novi (Montenegro)"]
[Date "2008.09.16"]
[Round "2"]
[White "Gluszko Tomasz (POL)"]
[Black "Levin Evgeny A (RUS)"]
[Result "0-1"]
[WhiteElo "2193"]
[BlackElo "2487"]

1.d4 g6 2.c4 Bg7 3.Nc3 d6 4.e4 Nf6 5.f3 O-O 6.Be3 Nc6 7.Qd2 a6 8.Nge2 Rb8 9.h4
h5 10.O-O-O e5 11.d5 Na5 12.Ng3 b6 13.Bd3 c5 14.dxc6 Nxc6 15.Bc2 Nd4 16.Nge2
Nxc2 17.Kxc2 Be6 18.b3 b5 19.Qxd6 Qc8 20.cxb5 axb5 21.Qb4 Qb7 22.Bc5 Rfc8
23.Bd6 Ra8 24.Kb2 Ne8 25.Rd5 Bxd5 26.Nxd5 Qa6 27.Ne7+ Kh7 28.Nxc8 Qxa2+ 29.Kc1
Rxc8+ {#R} 0-1

[Event "Ch Europe (juniors) (under 12)"]
[Site "masterchessopen.com – Herceg Novi (Montenegro)"]
[Date "2008.09.19"]
[Round "5"]
[White "Yuffa Daniil (RUS)"]
[Black "Timofeev Mikhail (RUS)"]
[Result "1-0"]
[WhiteElo "2139"]
[BlackElo "1907"]

1.d4 Nf6 2.c4 g6 3.Nc3 Bg7 4.e4 O-O 5.f3 d6 6.Be3 Nc6 7.Nge2 a6 8.Qd2 Rb8
9.O-O-O b5 10.Bh6 bxc4 11.h4 e5 12.d5 Nb4 13.Ng3 a5 14.Bxc4 Qd7 15.h5 Ne8
16.Rh2 f6 17.hxg6 hxg6 18.Rdh1 Kf7 19.Bxg7 Nxg7 20.Rh7 Rg8 21.a3 Ba6 22.axb4
Bxc4 23.b5 Bxb5 24.R1h6 Kf8 25.Rxg6 Qe7 26.Qh6 Be8 27.Rhxg7 Qxg7 {#r} 1-0

[Event "Tournament (open) (b)"]
[Site "masterchessopen.com – Corsico (Italy)"]
[Date "2008.10.03"]
[Round "2"]
[White "Lapiccirella Daniele (ITA)"]
[Black "Cazzaniga Walter (ITA)"]
[Result "1-0"]
[WhiteElo "2179"]
[BlackElo "2160"]

1.d4 Nf6 2.c4 g6 3.Nc3 Bg7 4.e4 d6 5.f3 O-O 6.Be3 Nc6 7.Nge2 a6 8.Qd2 Rb8
9.Nc1 e5 10.d5 Nd4 11.N1e2 c5 12.dxc6 bxc6 13.Nxd4 exd4 14.Bxd4 Re8 15.Be2 d5
16.cxd5 Rb4 17.Bc5 Nxe4 18.fxe4 Bxc3 19.Qxc3 Rbxe4 20.O-O Rxe2 21.dxc6 Qg5
22.Bf2 R8e3 23.Qc4 Be6 24.c7 Bc8 25.Rad1 Re8 26.Rd8 Qe7 27.Rfd1 Kg7 28.Rxe8
Qxe8 29.Rd8 {#r} 1-0

[Event "Tournament (Elo)"]
[Site "masterchessopen.com – Dubna (Russia)"]
[Date "2008.10.11"]
[Round "3"]
[White "Dobrovolsky"]
[Black "Kapranov Grigory (RUS)"]
[Result "1-0"]
[WhiteElo "2113"]
[BlackElo "2208"]

1.d4 Nf6 2.c4 d6 3.Nc3 g6 4.e4 Bg7 5.f3 O-O 6.Be3 Nc6 7.Qd2 a6 8.Nge2 Rb8 9.h4
h5 10.Bh6 Bd7 11.Nd5 Bxh6 12.Qxh6 e5 13.g4 Nxd4 14.Nxd4 exd4 15.Nf4 Nxg4
16.fxg4 Bxg4 17.Be2 Bxe2 18.Kxe2 Qe7 19.Kd3 Rfe8 20.Rae1 Qf8 21.Qg5 Re5 22.Qf6
Qg7 23.Nd5 c6 24.Qxd6 {#r} 1-0

[Event "It (open)"]
[Site "masterchessopen.com – Le Touquet (France)"]
[Date "2008.10.25"]
[Round "1"]
[White "Coudenis Alexandre (FRA)"]
[Black "Maes Wim (BEL)"]
[Result "0-1"]
[WhiteElo "1949"]
[BlackElo "2294"]

1.d4 Nf6 2.c4 g6 3.Nc3 Bg7 4.e4 d6 5.f3 O-O 6.Be3 Nc6 7.Qd2 a6 8.Nge2 Rb8
9.Bh6 b5 10.h4 e5 11.d5 Na5 12.Bxg7 Kxg7 13.cxb5 axb5 14.h5 Nc4 15.Qc1 Bd7
16.b3 Na5 17.hxg6 fxg6 18.Qh6+ Kg8 19.g4 Qe7 20.b4 Nc4 21.Nc1 Na3 22.Bd3 c6
23.dxc6 Bxc6 24.Nd5 Bxd5 25.exd5 e4 26.Bxe4 Nxe4 {#R} 0-1